000 01672nam a22001577a 4500
999 _c513908
_d513908
008 200916b ||||| |||| 00| 0 eng d
100 _aDey Biswas, S.
_917760
245 _aSocial citizenship and plural values of land: land acquisition cases from India
260 _aSocial Policy and Society
300 _a19(1), Jan 2020. p. 331-342
520 _aIn the globalised economy, the value chains of production have crossed national boundaries. As a result, the demand has intensified for land acquisition in order to set up production facilities and infrastructure. This industrialisation proceeded rapidly, and, therefore, a vast area of land had to be acquired, both in the Global South and in the North. This development has led to many conflicts. These conflicts are the result of the inability to understand the plural values of land in the realisation of property rights in social citizenship. This article has considered two land expropriation case study areas in India, Salbani and Singur in West Bengal, as a source of empirical data. The empirical evidence suggests that the straitjacket of monorational property rights discourse, which heavily relies on the absolute ownership and control (via exclusion of others) ignores the different ways in which plural land values shape ideas of social citizenship. There is a need to rediscover the ‘social’ in citizenship to ensure the subordination of market price to the ideals of social justice.- Reproduced
650 _aSocial citizenship, Social justice, Plural values, Market price and land acquisition
_917761
773 _aSocial Policy and Society
906 _aLAND ACQUISITION - INDIA
942 _cAR